[Event "Politiken Cup"]
[Site "Copenhagen"]
[Date "2006.07.24"]
[Round "3.38"]
[White "Asbjornsson, Ingvar"]
[Black "Hector, Jonny"]
[Result "0-1"]
[WhiteElo "2007"]
[BlackElo "2508"]
[PlyCount "154"]
[EventDate "2006.??.??"]

1. d4 d5 2. Nf3 Nf6 3. c4 c6 4. g3 Bf5 5. Bg2 e6 6. Nc3 h6 7. O-O Be7 8. Qb3
Qb6 9. c5 Qa6 10. Ne5 O-O 11. Re1 b6 12. cxb6 Qxb6 13. Qxb6 axb6 14. e4 dxe4
15. Nxe4 Nxe4 16. Bxe4 Bxe4 17. Rxe4 Rd8 18. a3 c5 19. dxc5 Rd1+ 20. Kg2 bxc5
21. Re2 Bf6 22. f4 Na6 23. Kf2 Nb4 24. Rd2 Rxd2+ 25. Bxd2 Bxe5 26. fxe5 Nd3+
27. Ke2 Nxb2 28. Be3 Na4 29. Rc1 h5 30. Rc2 Kh7 31. h3 Kg6 32. g4 hxg4 33. hxg4
Rh8 34. Rc4 Rh2+ 35. Kf3 Rh3+ 36. Ke2 Nb6 37. Rxc5 Nd5 38. Bc1 Nc3+ 39. Kf2
Ne4+ 40. Kg2 Rg3+ 41. Kh2 Rxg4 42. Rc2 Rh4+ 43. Kg1 Kf5 44. Rh2 Rxh2 45. Kxh2
Nc5 46. Bb2 Ke4 47. Kh3 Kf3 48. Kh4 Na4 49. Ba1 Kf4 50. Kh5 Nc5 51. Bd4 Ne4 52.
Kh4 Nd2 53. Bc3 Nf3+ 54. Kh3 Nxe5 55. a4 Nd3 56. a5 Nc5 57. Bxg7 f5 58. Bf8 Na6
59. Kg2 Ke4 60. Kf2 Kd5 61. Ke3 e5 62. Be7 Nc5 63. Bd8 Kc6 64. Bf6 Kd6 65. Bd8
Kd5 66. Be7 Ne6 67. Bf6 e4 68. Bc3 f4+ 69. Kf2 Kc4 70. Be1 Nc5 71. Ke2 Kd4 72.
Bh4 f3+ 73. Kf1 e3 74. Bf6+ Kd5 75. Bh4 Nd3 76. a6 Kc6 77. Kg1 e2 0-1

[Event "Politiken Cup"]
[Site "Copenhagen"]
[Date "2006.07.24"]
[Round "3.40"]
[White "Carstensen, Jacob"]
[Black "Bergvoll, Mats"]
[Result "1-0"]
[WhiteElo "2326"]
[BlackElo "2003"]
[PlyCount "87"]
[EventDate "2006.??.??"]

1. d4 Nf6 2. c4 e6 3. Nf3 b6 4. a3 c5 5. d5 exd5 6. cxd5 d6 7. Nc3 g6 8. e4 Bg7
9. Bf4 O-O 10. Nd2 Qe7 11. Be2 a6 12. a4 Nbd7 13. O-O Rb8 14. h3 Ne8 15. Re1
Nc7 16. Nc4 Ne5 17. Ne3 b5 18. axb5 Nxb5 19. Bg3 Qc7 20. Bf1 Re8 21. Rc1 Nd4
22. Ne2 Nxe2+ 23. Rxe2 Rb4 24. f4 Nd7 25. Nc4 Nb6 26. b3 Nxc4 27. bxc4 Bd4+ 28.
Kh2 f6 29. Be1 Rb8 30. Bc3 Bxc3 31. Rxc3 a5 32. Ra3 Ra8 33. Qa1 Kf7 34. g4 h6
35. Bg2 g5 36. Rf2 Qd8 37. fxg5 hxg5 38. Raf3 Re5 39. Qf1 Kg7 40. Rxf6 Ra7 41.
Rf8 Qd7 42. R2f6 a4 43. Rg6+ Kh7 44. Rh6+ 1-0

[Event "Politiken Cup"]
[Site "Copenhagen"]
[Date "2006.07.24"]
[Round "3.41"]
[White "Roelvaag, Mikael"]
[Black "Frisk, Ellinor"]
[Result "1/2-1/2"]
[WhiteElo "2282"]
[BlackElo "1998"]
[PlyCount "53"]
[EventDate "2006.??.??"]

1. d4 d5 2. Nf3 Nf6 3. c4 c6 4. e3 Bf5 5. cxd5 cxd5 6. Qb3 Qc7 7. Nc3 e6 8. Bd2
Be7 9. Bb5+ Nc6 10. Ne5 O-O 11. Bxc6 bxc6 12. Qa4 c5 13. Nc6 cxd4 14. Nxe7+
Qxe7 15. Qxd4 Rfc8 16. b3 Ne4 17. Nxe4 Bxe4 18. Bc3 f6 19. f3 Bg6 20. O-O Qc5
21. Rfc1 Qxd4 22. Bxd4 a6 23. Kf2 Kf7 24. g4 e5 25. Bc5 Bd3 26. Kg3 Rc6 27. b4
1/2-1/2

[Event "Politiken Cup"]
[Site "Copenhagen"]
[Date "2006.07.24"]
[Round "3.42"]
[White "Knudsen, Jes West"]
[Black "Sylvan, Jacob"]
[Result "0-1"]
[WhiteElo "1999"]
[BlackElo "2279"]
[PlyCount "94"]
[EventDate "2006.??.??"]

1. e4 d6 2. d4 Nf6 3. Nc3 g6 4. h4 h5 5. Bc4 Bg7 6. Bg5 c6 7. Qd2 b5 8. Bxf6
Bxf6 9. Nxb5 Qb6 10. Nc3 Qxd4 11. Qxd4 Bxd4 12. Nge2 Bg7 13. Nd5 Kd8 14. Ndf4
e6 15. O-O-O Ke7 16. Bb3 Na6 17. Nd3 d5 18. f3 Bb7 19. c4 Rhd8 20. c5 e5 21.
Nc3 d4 22. Ne2 Nc7 23. Bc4 Ne6 24. g4 Rh8 25. g5 a5 26. Kb1 Rhc8 27. Rd2 Ba6
28. Rc1 f6 29. Bb3 fxg5 30. Bxe6 Kxe6 31. hxg5 Rf8 32. Ng1 Rf7 33. b3 Bf8 34.
Nb2 Be7 35. Rg2 Rb8 36. Na4 Bb5 37. Ka1 Bxa4 38. bxa4 Rb4 39. Rb1 Bxc5 40. Rc1
Bd6 41. Rxc6 Rfb7 42. Rc1 d3 43. Rd2 Bc5 44. a3 Bd4+ 45. Ka2 Rb2+ 46. Rxb2
Rxb2+ 47. Ka1 Rg2+ 0-1

[Event "Politiken Cup"]
[Site "Copenhagen"]
[Date "2006.07.24"]
[Round "3.43"]
[White "Marcussen, Claus"]
[Black "Albrecht, Rainer"]
[Result "0-1"]
[WhiteElo "1985"]
[BlackElo "2256"]
[PlyCount "60"]
[EventDate "2006.??.??"]

1. f4 g6 2. Nf3 Bg7 3. e3 c5 4. d4 Nf6 5. c3 b6 6. Be2 Bb7 7. O-O d6 8. h3 O-O
9. Nh2 Nbd7 10. Bf3 Bxf3 11. Qxf3 e6 12. Nd2 Qc7 13. Ng4 Nxg4 14. hxg4 f5 15.
gxf5 gxf5 16. g4 Rae8 17. Kf2 cxd4 18. exd4 fxg4 19. Qxg4 e5 20. Nf3 exd4 21.
Nxd4 Nf6 22. Qg2 Ne4+ 23. Kg1 Kh8 24. Nf3 Qc5+ 25. Kh2 Rf6 26. Qg1 Qh5+ 27. Kg2
Rg6+ 28. Ng5 Qg4+ 29. Kh2 Rh6+ 30. Nh3 Rxh3# 0-1

[Event "Politiken Cup"]
[Site "Copenhagen"]
[Date "2006.07.24"]
[Round "3.44"]
[White "Svanholm, Borge Waaktaar"]
[Black "Nielsen, Lars Aaes"]
[Result "0-1"]
[WhiteElo "1978"]
[BlackElo "2247"]
[PlyCount "82"]
[EventDate "2006.??.??"]

1. c4 e6 2. Nf3 Nf6 3. g3 d5 4. Bg2 c6 5. b3 Be7 6. d4 O-O 7. O-O b5 8. Qc2 Ba6
9. c5 b4 10. Re1 Ne4 11. Ne5 f6 12. Nd3 e5 13. e3 exd4 14. exd4 Bxd3 15. Qxd3
f5 16. f3 Nxc5 17. dxc5 Bf6 18. Bd2 Bxa1 19. Bxb4 Bf6 20. Bc3 Nd7 21. b4 Re8
22. f4 Bxc3 23. Rxe8+ Qxe8 24. Nxc3 Qe1+ 25. Bf1 Re8 26. Nxd5 cxd5 27. Qxd5+
Qe6 28. Qxe6+ Rxe6 29. Bc4 Kf7 30. Kf2 Ke7 31. Bxe6 Kxe6 32. Ke3 Kd5 33. Kd3
Nf6 34. Kc3 h6 35. Kb3 g5 36. Ka4 gxf4 37. gxf4 Nh5 38. Kb5 Nxf4 39. Ka6 Ne6
40. Kxa7 f4 41. Kb7 Nxc5+ 0-1

[Event "Politiken Cup"]
[Site "Copenhagen"]
[Date "2006.07.24"]
[Round "3.45"]
[White "Larsen, Andreas"]
[Black "Pluemer, Detlef"]
[Result "1-0"]
[WhiteElo "1975"]
[BlackElo "2237"]
[PlyCount "73"]
[EventDate "2006.??.??"]

1. e4 c5 2. Nf3 Nc6 3. d4 cxd4 4. Nxd4 Nf6 5. Nc3 e5 6. Ndb5 d6 7. Bg5 a6 8.
Na3 b5 9. Bxf6 gxf6 10. Nd5 f5 11. exf5 Bxf5 12. Qf3 Nd4 13. Nf6+ Ke7 14. Nd5+
Kd7 15. Qh5 Be6 16. O-O-O Bxd5 17. Rxd4 exd4 18. Qxd5 Bh6+ 19. Kb1 Qg5 20. Qb7+
Ke6 21. Bd3 Kf6 22. f4 Qh5 23. g4 Qxg4 24. Qe4 Rhe8 25. Qxd4+ Ke7 26. Rg1 Kd7
27. c4 Qxf4 28. Qd5 Qe5 29. Qb7+ Ke6 30. Rf1 f5 31. Bxf5+ Qxf5+ 32. Rxf5 Kxf5
33. Qxh7+ Kg5 34. cxb5 Rac8 35. Nc2 axb5 36. a3 Re2 37. h4+ 1-0

[Event "Politiken Cup"]
[Site "Copenhagen"]
[Date "2006.07.24"]
[Round "3.46"]
[White "Eddy, Samuel"]
[Black "Tocklin, Tomi"]
[Result "1/2-1/2"]
[WhiteElo "2069"]
[BlackElo "1918"]
[PlyCount "75"]
[EventDate "2006.??.??"]

1. e4 c6 2. Nc3 d5 3. Qf3 dxe4 4. Nxe4 Nd7 5. d4 Ngf6 6. Bc4 e6 7. Ne2 Nxe4 8.
Qxe4 Nf6 9. Qf3 Be7 10. Bd2 Qc7 11. O-O b6 12. Nf4 O-O 13. Nh5 Bb7 14. Bf4 Qd7
15. Rad1 Nxh5 16. Qxh5 g6 17. Qe5 Rfd8 18. Rfe1 Bd6 19. Qf6 Bxf4 20. Qxf4 c5
21. Qf6 Re8 22. Rd3 cxd4 23. Rxd4 Qe7 24. Qxe7 Rxe7 25. Red1 Rc8 26. Bb3 Bd5
27. Bxd5 exd5 28. c3 Rce8 29. Kf1 Re2 30. R4d2 Rxd2 31. Rxd2 Re5 32. Rd4 Kf8
33. f4 Re4 34. Rxd5 Rxf4+ 35. Ke2 Ke7 36. Ke3 Rf6 37. a4 Re6+ 38. Kd2 1/2-1/2

[Event "Politiken Cup"]
[Site "Copenhagen"]
[Date "2006.07.24"]
[Round "3.47"]
[White "Nielsen, Preben"]
[Black "Wiwe, Andreas"]
[Result "0-1"]
[WhiteElo "1972"]
[BlackElo "2215"]
[PlyCount "84"]
[EventDate "2006.??.??"]

1. d4 f5 2. Nf3 Nf6 3. c4 g6 4. Nc3 Bg7 5. g3 O-O 6. Bg2 d6 7. O-O Qe8 8. Qc2
c6 9. b3 Na6 10. Ba3 Rb8 11. e3 b5 12. Ne2 Ne4 13. Nd2 Nxd2 14. Qxd2 bxc4 15.
bxc4 c5 16. Rab1 Qa4 17. Rxb8 Nxb8 18. Qc1 Be6 19. Nf4 Bxc4 20. dxc5 Bxf1 21.
Bxf1 Rc8 22. Bc4+ Kh8 23. Be6 Nd7 24. Bb2 Rxc5 25. Bxg7+ Kxg7 26. Qb2+ Nf6 27.
Bb3 Qe4 28. Ne6+ Kh6 29. Nxc5 dxc5 30. Qa3 Qb1+ 31. Kg2 Qe4+ 32. Kg1 Qb1+ 33.
Kg2 Qe4+ 34. Kg1 c4 35. Bd1 Nd5 36. Qc1 Kg7 37. Bc2 Qe5 38. Qd2 e6 39. Kg2 Qc3
40. Qxc3+ Nxc3 41. a3 Nb5 42. a4 Na3 0-1

[Event "Politiken Cup"]
[Site "Copenhagen"]
[Date "2006.07.24"]
[Round "3.48"]
[White "Hvenekilde, Jorgen"]
[Black "Muratet Casadevall, Elias"]
[Result "1-0"]
[WhiteElo "2181"]
[BlackElo "1978"]
[PlyCount "55"]
[EventDate "2006.??.??"]

1. d4 d6 2. Nf3 Nf6 3. c4 g6 4. Nc3 Bg7 5. e4 O-O 6. Be2 c5 7. O-O cxd4 8. Nxd4
Nc6 9. Be3 Ng4 10. Bxg4 Bxg4 11. Nxc6 Bxd1 12. Nxd8 Bg4 13. Nxb7 Rfb8 14. Na5
Rxb2 15. Rac1 Bd7 16. Nb3 a5 17. Nd4 e6 18. Rb1 Rb4 19. Nce2 Rab8 20. Rxb4 Rxb4
21. Rc1 Rb2 22. Nc3 f5 23. g3 fxe4 24. Nxe4 d5 25. cxd5 exd5 26. Nc3 Bxd4 27.
Bxd4 Rd2 28. Rd1 1-0

[Event "Politiken Cup"]
[Site "Copenhagen"]
[Date "2006.07.24"]
[Round "3.49"]
[White "Sjol, Henrik"]
[Black "Friesen, Boris"]
[Result "0-1"]
[WhiteElo "1966"]
[BlackElo "2146"]
[PlyCount "82"]
[EventDate "2006.??.??"]

1. d4 d5 2. Nf3 e6 3. c4 c5 4. Nc3 Nc6 5. cxd5 exd5 6. g3 Nf6 7. Bg2 Be7 8. O-O
O-O 9. Re1 Re8 10. Bg5 cxd4 11. Nxd4 h6 12. Nxc6 bxc6 13. Bf4 Bf5 14. e4 Nxe4
15. Nxe4 dxe4 16. Bxe4 Bb4 17. Qxd8 Raxd8 18. Bxf5 Rxe1+ 19. Rxe1 Bxe1 20. Be3
Bd2 21. Bxa7 Ra8 22. Bd4 Rxa2 23. Bd7 Ra1+ 24. Kg2 Rc1 25. Kf3 c5 26. Be5 Bg5
27. Ba4 Re1 28. Bc3 Re6 29. Bb5 Bf6 30. Bc4 Rd6 31. Bxf6 Rxf6+ 32. Ke3 Rd6 33.
b3 Rd4 34. f4 Kf8 35. g4 Ke7 36. h3 f6 37. f5 Kd6 38. Kf3 Ke5 39. Ke3 Rd1 40.
Kf2 Ke4 41. Be6 Rd3 0-1

[Event "Politiken Cup"]
[Site "Copenhagen"]
[Date "2006.07.24"]
[Round "3.50"]
[White "Frank-Nielsen, Marie"]
[Black "Kafka, Graeme"]
[Result "1/2-1/2"]
[WhiteElo "1955"]
[BlackElo "2134"]
[PlyCount "108"]
[EventDate "2006.??.??"]

1. e4 c5 2. c3 d5 3. exd5 Qxd5 4. d4 Nf6 5. Nf3 e6 6. Bd3 Nc6 7. O-O cxd4 8.
cxd4 Be7 9. Nc3 Qd6 10. Nb5 Qd8 11. Bf4 Nd5 12. Bg3 O-O 13. a3 Qb6 14. Rb1 Bd7
15. Nc3 Qa5 16. Ne2 Bf6 17. Bc2 Nce7 18. Qd3 g6 19. b4 Qb5 20. Qd2 Qa6 21. Ne5
Bb5 22. Nd3 b6 23. Rfe1 Rfc8 24. Ndc1 Qxa3 25. Rb3 Qa6 26. Be5 Ba4 27. Ra3 Rxc2
28. Qxc2 Bxc2 29. Rxa6 Bxe5 30. dxe5 Nxb4 31. Ra3 Ned5 32. Nd4 a5 33. g3 Rc8
34. Nb5 a4 35. Na2 Rc5 36. Nxb4 Nxb4 37. Nd4 Rc4 38. Nb5 Bb3 39. Nd6 Rd4 40.
Rb1 Nc2 41. Raxb3 axb3 42. Rxb3 Nb4 43. Rc3 Nd5 44. Rf3 f6 45. exf6 Nxf6 46.
Nc8 Kg7 47. Nxb6 Rb4 48. Nc8 e5 49. Ne7 Rc4 50. Rd3 Rc1+ 51. Kg2 Rc2 52. Nd5
Ne4 53. Rf3 Rd2 54. Nc3 Nxc3 1/2-1/2

[Event "Politiken Cup"]
[Site "Copenhagen"]
[Date "2006.07.24"]
[Round "3.51"]
[White "Roder, Peter"]
[Black "Friesen, Bas"]
[Result "1/2-1/2"]
[WhiteElo "2131"]
[BlackElo "1971"]
[PlyCount "73"]
[EventDate "2006.??.??"]

1. d4 d5 2. c4 e6 3. Nc3 c6 4. e4 dxe4 5. Nxe4 Bb4+ 6. Bd2 Qxd4 7. Bxb4 Qxe4+
8. Be2 Na6 9. Ba5 b6 10. Bc3 Ne7 11. Nf3 O-O 12. O-O f6 13. Bd3 Qf4 14. Qc2 g6
15. b4 e5 16. Rae1 Bf5 17. Be4 Bxe4 18. Rxe4 Qf5 19. Qe2 Qd7 20. Rd1 Qb7 21.
Rxe5 Nf5 22. Re6 c5 23. b5 Nc7 24. Rxf6 Rxf6 25. Bxf6 Re8 26. Qd2 Ne6 27. Re1
Qf7 28. Bb2 Ned4 29. Rxe8+ Qxe8 30. Nxd4 Nxd4 31. Kf1 Qe4 32. Bxd4 cxd4 33. f3
Qe5 34. Qe2 Qf4 35. g3 Qc1+ 36. Kf2 Qc3 37. Qe8+ 1/2-1/2

[Event "Politiken Cup"]
[Site "Copenhagen"]
[Date "2006.07.24"]
[Round "3.52"]
[White "Grove, Peter"]
[Black "Gretarsson, Hjorvar Stein"]
[Result "1/2-1/2"]
[WhiteElo "1942"]
[BlackElo "2130"]
[PlyCount "103"]
[EventDate "2006.??.??"]

1. e4 c5 2. Nc3 e6 3. g3 d5 4. exd5 exd5 5. Bg2 Nf6 6. d3 Be7 7. Nge2 O-O 8.
O-O Nc6 9. Bg5 d4 10. Bxf6 Bxf6 11. Ne4 Be7 12. Re1 Bg4 13. f3 Bf5 14. Nf4 Qd7
15. Qd2 Rae8 16. Nf2 b5 17. N4h3 Nb4 18. f4 Nd5 19. g4 Bxg4 20. Nxg4 Qxg4 21.
Nf2 Qxf4 22. Qxf4 Nxf4 23. Bc6 Rc8 24. Rxe7 Rxc6 25. Rxa7 Re8 26. Ne4 f5 27.
Ng3 Ne2+ 28. Kf2 Nxg3 29. hxg3 Rh6 30. Rf1 Rh2+ 31. Kg1 Rxc2 32. b3 g6 33. Rf2
Rc3 34. Rc7 Re3 35. a4 bxa4 36. bxa4 Rxg3+ 37. Kh2 Rgxd3 38. a5 Ra3 39. Rb2
Rdb3 40. Rxb3 Rxb3 41. a6 Ra3 42. a7 Kf8 43. Rc8+ Ke7 44. a8=Q Rxa8 45. Rxa8
Ke6 46. Kg2 Kd5 47. Kf3 g5 48. Rf8 Ke5 49. Re8+ Kd5 50. Rf8 Ke5 51. Re8+ Kd5
52. Rf8 1/2-1/2

[Event "Politiken Cup"]
[Site "Copenhagen"]
[Date "2006.07.24"]
[Round "3.53"]
[White "Lilja, Richard"]
[Black "Helin, Mikael"]
[Result "1-0"]
[WhiteElo "2129"]
[BlackElo "1964"]
[PlyCount "99"]
[EventDate "2006.??.??"]

1. e4 c5 2. Nf3 e6 3. d3 Qc7 4. g3 Nc6 5. Bg2 Bd6 6. Nbd2 Be7 7. O-O h5 8. h4
Nf6 9. Re1 Ng4 10. Nf1 f6 11. N3h2 g5 12. Nxg4 hxg4 13. hxg5 d6 14. gxf6 Bxf6
15. Qxg4 Qh7 16. c3 Bd7 17. Be3 O-O-O 18. f4 Rdg8 19. Qf3 e5 20. f5 Be8 21. a3
Bh5 22. Qf2 Bg4 23. b4 b6 24. Rab1 Bg5 25. a4 d5 26. bxc5 d4 27. cxd4 Bxe3 28.
Rxe3 Nxd4 29. cxb6 a6 30. Qa2 Kb7 31. Rc1 Nc6 32. a5 Rg7 33. Rxc6 Rd7 34. Rc7+
Rxc7 35. bxc7 Qxc7 36. Qb2+ Ka7 37. Re1 Rb8 38. Qf2+ Ka8 39. d4 Qc3 40. Qe3 Qb2
41. dxe5 Rb3 42. Qc5 Rc3 43. Qf8+ Ka7 44. Qg7+ Ka8 45. Qxg4 Rc2 46. Qg8+ Ka7
47. Qf7+ Ka8 48. Qe8+ Ka7 49. Qd7+ Ka8 50. Qd8+ 1-0

[Event "Politiken Cup"]
[Site "Copenhagen"]
[Date "2006.07.24"]
[Round "3.54"]
[White "Martin, Katie"]
[Black "Penalver, Osmani"]
[Result "0-1"]
[WhiteElo "1939"]
[BlackElo "2126"]
[PlyCount "48"]
[EventDate "2006.??.??"]

1. e4 c5 2. Nc3 Nc6 3. g3 g6 4. Bg2 Bg7 5. d3 d6 6. Be3 e5 7. f4 Nge7 8. Qd2
Nd4 9. Nd1 O-O 10. c3 Ne6 11. Ne2 f5 12. Nf2 Rb8 13. O-O b5 14. d4 b4 15. fxe5
bxc3 16. bxc3 cxd4 17. cxd4 dxe5 18. d5 f4 19. gxf4 exf4 20. Nxf4 Nxf4 21. Bxf4
Rb2 22. Qc1 Ba6 23. Nd1 Rxg2+ 24. Kxg2 Bxf1+ 0-1

[Event "Politiken Cup"]
[Site "Copenhagen"]
[Date "2006.07.24"]
[Round "3.55"]
[White "Holst, Conny"]
[Black "Tjensvoll, Tore"]
[Result "1-0"]
[WhiteElo "2124"]
[BlackElo "1961"]
[PlyCount "49"]
[EventDate "2006.??.??"]

1. d4 Nf6 2. c4 e6 3. Nc3 Bb4 4. e3 b6 5. Bd3 Bb7 6. Nf3 Ne4 7. O-O f5 8. Nd2
Nxd2 9. Bxd2 O-O 10. e4 fxe4 11. Nxe4 Bxd2 12. Qxd2 Qh4 13. Rae1 Nc6 14. Bb1 g6
15. f4 Rae8 16. Ng5 Qg4 17. h3 Qh5 18. d5 Na5 19. dxe6 dxe6 20. Rxe6 Rd8 21.
Qe2 Nc6 22. Rxc6 Bxc6 23. Qe6+ Kh8 24. Qxc6 Rd2 25. Qxc7 1-0

[Event "Politiken Cup"]
[Site "Copenhagen"]
[Date "2006.07.24"]
[Round "3.56"]
[White "Sykes, Chris"]
[Black "Olsen, Aage"]
[Result "1-0"]
[WhiteElo "1922"]
[BlackElo "2121"]
[PlyCount "95"]
[EventDate "2006.??.??"]

1. d4 Nf6 2. Bf4 d5 3. e3 e6 4. Nf3 c5 5. Nbd2 Nc6 6. c3 Be7 7. h3 O-O 8. Bd3
Bd6 9. Ne5 Qc7 10. Ng4 Nd7 11. Bxd6 Qxd6 12. dxc5 Qxc5 13. e4 f5 14. exf5 exf5
15. Ne3 Nde5 16. Nb3 Qd6 17. O-O Be6 18. f4 Ng6 19. g3 Rae8 20. Bb5 a6 21. Bxc6
bxc6 22. Qd4 Bc8 23. Rfe1 Re4 24. Qc5 Qf6 25. Nd2 Re6 26. Nc2 Rfe8 27. Rxe6
Rxe6 28. Re1 Nf8 29. Rxe6 Qxe6 30. Kf2 Nd7 31. Qe3 Qf7 32. Nb4 c5 33. Nc6 Kf8
34. Ne5 Qe7 35. Nxd7+ Bxd7 36. Nb3 c4 37. Qxe7+ Kxe7 38. Nc5 Bc8 39. Ke3 Kd6
40. Kd4 h5 41. h4 a5 42. a3 Kc6 43. b3 Ba6 44. b4 axb4 45. axb4 Bc8 46. Ke5 g6
47. Kd4 Kd6 48. b5 1-0

[Event "Politiken Cup"]
[Site "Copenhagen"]
[Date "2006.07.24"]
[Round "3.57"]
[White "Nielsen, Borge Hjerrild"]
[Black "Eliassen, Erik"]
[Result "1/2-1/2"]
[WhiteElo "2119"]
[BlackElo "1956"]
[PlyCount "46"]
[EventDate "2006.??.??"]

1. d4 c5 2. d5 f5 3. Nf3 Nf6 4. g3 g6 5. Bg2 d6 6. O-O Bg7 7. a4 Na6 8. Nc3 Nc7
9. Nd2 O-O 10. Nc4 Bd7 11. Re1 Rb8 12. e4 fxe4 13. Nxe4 Nxe4 14. Bxe4 Bf5 15.
c3 Qd7 16. f3 Rbd8 17. Bg5 Bf6 18. Qd2 Bxg5 19. Qxg5 e6 20. Bxf5 Rxf5 21. dxe6
Nxe6 22. Qe3 Nc7 23. f4 Rf6 1/2-1/2

[Event "Politiken Cup"]
[Site "Copenhagen"]
[Date "2006.07.24"]
[Round "3.58"]
[White "Jensen, Søren Holm"]
[Black "Kaaber, Jacob"]
[Result "1/2-1/2"]
[WhiteElo "1902"]
[BlackElo "2117"]
[PlyCount "82"]
[EventDate "2006.??.??"]

1. e4 c5 2. Nf3 d6 3. d4 cxd4 4. Qxd4 Nc6 5. Bb5 Bd7 6. Bxc6 Bxc6 7. Nc3 e6 8.
Bg5 Nf6 9. O-O-O Be7 10. Rhe1 Qa5 11. Qd2 O-O 12. Nd4 Rfd8 13. f4 h6 14. Bxf6
Bxf6 15. Kb1 Rac8 16. Nd5 Qxd2 17. Nxf6+ gxf6 18. Rxd2 d5 19. e5 f5 20. Re3 Kh7
21. Rg3 Bd7 22. Rdd3 Rg8 23. Kc1 Rg6 24. Rxg6 fxg6 25. h4 b6 26. Kd2 Kg7 27. b3
Kf7 28. a4 a5 29. Rc3 Rc5 30. Rxc5 bxc5 31. Nf3 Ke7 32. Kc3 Kd8 33. Ne1 Kc7 34.
Nd3 Kb6 35. Ne1 Bc8 36. g3 Ba6 37. Kd2 c4 38. Kc3 Kc5 39. Nf3 Bc8 40. Nd4 Bd7
41. Nf3 Bc8 1/2-1/2

[Event "Politiken Cup"]
[Site "Copenhagen"]
[Date "2006.07.24"]
[Round "3.59"]
[White "Soraas, Torben"]
[Black "Pettersen, Joar Gullestad"]
[Result "1/2-1/2"]
[WhiteElo "2115"]
[BlackElo "1956"]
[PlyCount "57"]
[EventDate "2006.??.??"]

1. e4 e5 2. Nf3 Nc6 3. Bb5 a6 4. Ba4 Nf6 5. d3 b5 6. Bb3 Be7 7. c3 O-O 8. Nbd2
d5 9. Qe2 Re8 10. Nf1 dxe4 11. dxe4 Na5 12. Bc2 Bg4 13. Ng3 c5 14. h3 Bxf3 15.
Qxf3 Qb6 16. Nf5 Bf8 17. Bg5 Re6 18. O-O h6 19. Bc1 Qc6 20. Rd1 Nb7 21. a4 Rc8
22. axb5 axb5 23. Rd5 Nd6 24. Nxd6 Bxd6 25. Be3 Qb7 26. Rd2 c4 27. Qf5 Ra8 28.
Rad1 Ra6 29. Kh1 1/2-1/2

[Event "Politiken Cup"]
[Site "Copenhagen"]
[Date "2006.07.24"]
[Round "3.60"]
[White "Almer, Julia"]
[Black "Henrichsen, Jens"]
[Result "0-1"]
[WhiteElo "1900"]
[BlackElo "2106"]
[PlyCount "86"]
[EventDate "2006.??.??"]

1. e4 c5 2. Nf3 d6 3. d4 cxd4 4. Nxd4 Nf6 5. Nc3 a6 6. Be2 e6 7. a4 Nc6 8. Be3
Qc7 9. O-O Be7 10. Kh1 O-O 11. f4 Re8 12. Bd3 Bd7 13. Nb3 b6 14. Qf3 Nb4 15.
Qg3 Rab8 16. e5 Nh5 17. Qf3 g6 18. Nd4 Rf8 19. exd6 Bxd6 20. Ne4 Be7 21. Be2 f5
22. Ng3 Nxg3+ 23. Qxg3 b5 24. axb5 axb5 25. Bd2 Nd5 26. Bd3 Bf6 27. Qf2 e5 28.
fxe5 Bxe5 29. Nf3 Bxb2 30. Rab1 Bg7 31. Rfe1 Nc3 32. Rb3 b4 33. Nd4 Ne4 34.
Bxe4 fxe4 35. Qe3 Qc5 36. Ne2 Qxe3 37. Bxe3 Ba4 38. Bc5 Bxb3 39. cxb3 Rfd8 40.
Ng3 Bc3 41. Rf1 Re8 42. Be3 Rbd8 43. Bh6 e3 0-1

[Event "Politiken Cup"]
[Site "Copenhagen"]
[Date "2006.07.24"]
[Round "3.61"]
[White "Holstein, Erik"]
[Black "Agustsson, Hafsteinn"]
[Result "1/2-1/2"]
[WhiteElo "2105"]
[BlackElo "1945"]
[PlyCount "59"]
[EventDate "2006.??.??"]

1. e4 c5 2. c3 d5 3. exd5 Qxd5 4. d4 Nc6 5. Nf3 Nf6 6. Be2 cxd4 7. cxd4 a6 8.
Nc3 Qa5 9. O-O e6 10. Re1 Be7 11. Bf4 O-O 12. Bg3 Rd8 13. a3 b5 14. Bd3 Qb6 15.
Ne2 Bb7 16. Rc1 Rac8 17. Qd2 Na5 18. Rxc8 Rxc8 19. Rc1 Rxc1+ 20. Qxc1 Bxf3 21.
gxf3 Qc6 22. Qf4 Qb6 23. Kg2 Nc6 24. Qc1 Nd5 25. Be4 Bf6 26. Bxd5 exd5 27. Nf4
Bxd4 28. Nxd5 Qc5 29. Qxc5 Bxc5 30. Nc7 1/2-1/2

[Event "Politiken Cup"]
[Site "Copenhagen"]
[Date "2006.07.24"]
[Round "3.62"]
[White "Andersen, Harry"]
[Black "Christensen, Janus"]
[Result "0-1"]
[WhiteElo "1891"]
[BlackElo "2100"]
[PlyCount "90"]
[EventDate "2006.??.??"]

1. e4 c6 2. d4 d5 3. e5 Bf5 4. Nc3 e6 5. g4 Bg6 6. Nge2 Bb4 7. Nf4 Be4 8. Rg1
h6 9. Bd2 Bh7 10. Nd3 Ba5 11. Qe2 Nd7 12. O-O-O Qc7 13. f4 O-O-O 14. f5 Ne7 15.
fxe6 fxe6 16. Nf4 Nf8 17. Nh5 Neg6 18. Bh3 c5 19. Nb5 Bxd2+ 20. Qxd2 Qe7 21.
Rgf1 Bg8 22. Nxa7+ Kb8 23. Qa5 Qc7 24. Qa4 cxd4 25. Rf3 Qc4 26. Qa3 Bh7 27. Bf1
d3 28. Bxd3 Qc7 29. Nb5 Qb6 30. Bxg6 Nxg6 31. Nd6 Nxe5 32. Nxb7 Rc8 33. Rc3 Nc4
34. Qb3 Qxb7 35. Nxg7 Rc6 36. Qxb7+ Kxb7 37. b3 Ne3 38. Rxc6 Kxc6 39. Re1 d4
40. Nxe6 Kd5 41. Nf4+ Ke4 42. Nh5 Kf3 43. c4 dxc3 44. Ng3 Ra8 45. Re2 Bd3 0-1

[Event "Politiken Cup"]
[Site "Copenhagen"]
[Date "2006.07.24"]
[Round "3.63"]
[White "Stangeland, Karle"]
[Black "Madland, Kristoffer"]
[Result "1/2-1/2"]
[WhiteElo "1886"]
[BlackElo "2100"]
[PlyCount "22"]
[EventDate "2006.??.??"]

1. c4 c5 2. Nf3 Nf6 3. Nc3 Nc6 4. g3 g6 5. Bg2 Bg7 6. O-O O-O 7. d3 e6 8. Bg5
h6 9. Be3 d6 10. h3 Rb8 11. Qd2 Kh7 1/2-1/2

[Event "Politiken Cup"]
[Site "Copenhagen"]
[Date "2006.07.24"]
[Round "3.64"]
[White "Nielsen, Frode B"]
[Black "Wilsbeck, Jan B"]
[Result "0-1"]
[WhiteElo "2098"]
[BlackElo "1944"]
[PlyCount "128"]
[EventDate "2006.??.??"]

1. c4 e6 2. e3 Nf6 3. b3 d5 4. Bb2 Be7 5. Nc3 O-O 6. Nf3 c5 7. cxd5 exd5 8. d4
Bg4 9. Be2 Nc6 10. dxc5 Bxc5 11. O-O Qd7 12. Rc1 Be7 13. Nd4 Bxe2 14. Ncxe2 Ne4
15. Ng3 Nxd4 16. Nxe4 dxe4 17. Bxd4 Rfc8 18. Rxc8+ Qxc8 19. Qh5 Qc6 20. Qg4 Bf8
21. h4 g6 22. h5 Bg7 23. Bxg7 Kxg7 24. Qf4 Rd8 25. Qe5+ Kh6 26. Qf4+ Kg7 27.
h6+ Kf8 28. Qe5 f6 29. Qb2 Kf7 30. Rc1 Qd5 31. Qa3 a6 32. Qb4 Rd7 33. g3 g5 34.
Kg2 a5 35. Qc3 Qf5 36. Qc4+ Qe6 37. Qb5 Kg6 38. Qxa5 Kxh6 39. Qc5 Kg6 40. Qc2
Qf5 41. Qe2 h5 42. a4 g4 43. Kf1 h4 44. gxh4 Rh7 45. b4 Rxh4 46. Rc5 Qd7 47.
Qc2 g3 48. Qb3 Rh1+ 49. Ke2 Qd3+ 50. Qxd3 exd3+ 51. Kf3 d2 52. Rd5 d1=Q+ 53.
Rxd1 Rxd1 54. Kxg3 Rb1 55. b5 Rb4 56. f4 Rxa4 57. Kf3 Rb4 58. e4 Rxb5 59. Kg4
Rc5 60. f5+ Kf7 61. Kf4 b5 62. Ke3 b4 63. Kd4 Rc8 64. e5 fxe5+ 0-1

[Event "Politiken Cup"]
[Site "Copenhagen"]
[Date "2006.07.24"]
[Round "3.65"]
[White "Rutherford, Elaine"]
[Black "Pieri, Enzo"]
[Result "1-0"]
[WhiteElo "2093"]
[BlackElo "1940"]
[PlyCount "65"]
[EventDate "2006.??.??"]

1. e4 c5 2. Nc3 d6 3. f4 e6 4. Nf3 Nc6 5. Bb5 Bd7 6. O-O Be7 7. d3 Nf6 8. h3
Nd4 9. Bxd7+ Nxd7 10. Be3 Nxf3+ 11. Qxf3 O-O 12. f5 Bg5 13. Bxg5 Qxg5 14. Nb5
Ne5 15. Qf4 Qxf4 16. Rxf4 Rfd8 17. fxe6 fxe6 18. Nc7 Rac8 19. Nxe6 Re8 20. Ng5
h6 21. Nf3 g5 22. Rf6 Nf7 23. Rf1 Kg7 24. Nd2 Re7 25. Nc4 Rc6 26. Ne3 Ne5 27.
Rxh6 Rf7 28. Rxf7+ Nxf7 29. Nf5+ Kf8 30. Rg6 a5 31. b3 a4 32. Rf6 b5 33. e5 1-0

[Event "Politiken Cup"]
[Site "Copenhagen"]
[Date "2006.07.24"]
[Round "3.66"]
[White "Nielsen, Martin Skovsø"]
[Black "Wurtz, Jacob"]
[Result "0-1"]
[WhiteElo "1650"]
[BlackElo "2001"]
[PlyCount "46"]
[EventDate "2006.??.??"]

1. e4 e6 2. d4 d5 3. exd5 Qxd5 4. c4 Qa5+ 5. Nc3 Nf6 6. Bd3 c5 7. Nf3 cxd4 8.
Nxd4 Bb4 9. Nde2 O-O 10. O-O Nc6 11. Bb1 Rd8 12. Qc2 Nd4 13. Nxd4 Rxd4 14. Nb5
Rh4 15. Bg5 Rh5 16. Bxf6 gxf6 17. Qe2 Rh6 18. Rd1 a6 19. a3 axb5 20. Qg4+ Rg6
21. axb4 Qxa1 22. Bxg6 hxg6 23. Kf1 Qxb2 0-1